Glimpses into my beginnings / (Record no. 10455)
[ view plain ]
| 000 -LEADER | |
|---|---|
| fixed length control field | 00909nam a22002657i 4500 |
| 003 - CONTROL NUMBER IDENTIFIER | |
| control field | URS |
| 005 - DATE AND TIME OF LATEST TRANSACTION | |
| control field | 20250430183917.0 |
| 008 - FIXED-LENGTH DATA ELEMENTS--GENERAL INFORMATION | |
| fixed length control field | 181018b xxu||||| |||| 00| 0 eng d |
| 020 ## - INTERNATIONAL STANDARD BOOK NUMBER | |
| International Standard Book Number | 9789715507684 |
| 040 ## - CATALOGING SOURCE | |
| Description conventions | rda |
| Transcribing agency | URS |
| Language of cataloging | English |
| 050 ## - LIBRARY OF CONGRESS CALL NUMBER | |
| Classification number | BX3703 |
| Item number | .F416 2016 |
| 100 ## - MAIN ENTRY--PERSONAL NAME | |
| Personal name | Ferriols, Roque J., |
| Relator term | author. |
| 245 ## - TITLE STATEMENT | |
| Title | Glimpses into my beginnings / |
| Statement of responsibility, etc | Roque J. Ferriols, S.J. ; translated by Soledad S. Reyes ; edited by Leovino Ma. Garcia. |
| 264 ## - PUBLICATION, DISTRIBUTION, ETC. (IMPRINT) | |
| Place of publication, distribution, etc | Loyola Heights, Quezon City : |
| Name of publisher, distributor, etc | Bughaw, |
| Date of publication, distribution, etc | ©2016. |
| 300 ## - PHYSICAL DESCRIPTION | |
| Extent | 165 pages ; |
| Dimensions | 21 cm. |
| 336 ## - CONTENT TYPE | |
| Content type term | text |
| Content type code | txt |
| Source | rdacontent |
| 337 ## - MEDIA TYPE | |
| Media type term | unmediated |
| Media type code | n |
| Source | rdamedia |
| 338 ## - CARRIER TYPE | |
| Carrier type term | volume |
| Carrier type code | nc |
| Source | rdacarrier |
| 650 #0 - SUBJECT ADDED ENTRY--TOPICAL TERM | |
| Topical term or geographic name as entry element | Ferriols, Roque, J. |
| Form subdivision | Biography. |
| 650 #0 - SUBJECT ADDED ENTRY--TOPICAL TERM | |
| Topical term or geographic name as entry element | Jesuits |
| Form subdivision | Biography. |
| 650 #0 - SUBJECT ADDED ENTRY--TOPICAL TERM | |
| Topical term or geographic name as entry element | Catholic Church |
| Form subdivision | Clergy |
| Geographic subdivision | Philippines. |
| 700 ## - ADDED ENTRY--PERSONAL NAME | |
| Personal name | Garcia, Leovino Ma. |
| Relator term | editor. |
| 700 ## - ADDED ENTRY--PERSONAL NAME | |
| Personal name | Reyes, Soledad S. |
| Relator term | translator. |
| 942 ## - ADDED ENTRY ELEMENTS (KOHA) | |
| Source of classification or shelving scheme | Library of Congress Classification |
| Koha item type | Filipiniana |
| Withdrawn status | Lost status | Source of classification or shelving scheme | Damaged status | Not for loan | Collection code | Home library | Current library | Shelving location | Date acquired | Source of acquisition | Total Checkouts | Full call number | Barcode | Date last seen | Copy number | Koha item type |
|---|---|---|---|---|---|---|---|---|---|---|---|---|---|---|---|---|
| Library of Congress Classification | Non-fiction | Taytay College Library | Taytay College Library | Filipiniana Section | 10/18/2018 | Purchased | BX3703 .F416 2016 | URSTAY-4379 | 06/02/2025 | 1 | Filipiniana |